000 00897nam a22002177a 4500
999 _c11398
_d11398
003 AR-CdUCM
008 190403b ||||| |||| 00| 0 spa d
040 _aMUNICIPALIDAD PROVINCIAL DEL CUSCO
_cBIBLIOTECA MUNICIPAL DEL CUSCO
082 _a615 /
_bR76
100 _aRodriguez, Pinilla
_928737
245 _aManual de Hidrología médica /
260 _aBarcelona :
_bImprenta de Pedro Ortega,
300 _a165 paginas ;
_c16 cm.
440 _aManuales Soler
_n28
_928738
505 _aContenido : Historia de la hidrologia medica -- Las zonas hidrológicas de España -- Fuentes de conocimiento nuevas doctrinas químicas -- Las experimentaciones fisiológicas y terapéutica clasificación de las aguas minerales...
650 _aAguas modificadoras
_928739
650 _aClasificación de las aguas
_928740
650 _aHidrología medica
_928741
942 _2ddc
_cLIBROS
945 _awnts